Archæological researches in Nicaragua. (Record no. 52655)

MARC details
000 -LEADER
fixed length control field 00769cam a22002171 4500
001 - CONTROL NUMBER
control field s 13000101
003 - CONTROL NUMBER IDENTIFIER
control field DLC
005 - DATE AND TIME OF LATEST TRANSACTION
control field 20260227111910.0
008 - FIXED-LENGTH DATA ELEMENTS--GENERAL INFORMATION
fixed length control field 751205s1881 dcuaef 000 0 eng c
010 ## - LIBRARY OF CONGRESS CONTROL NUMBER
LC control number s 13000101
035 ## - SYSTEM CONTROL NUMBER
System control number (OCoLC)1876223
040 ## - CATALOGING SOURCE
Original cataloging agency Smithsonian Inst. Library
Transcribing agency FMU
Modifying agency OCoLC
-- DLC
050 00 - LIBRARY OF CONGRESS CALL NUMBER
Classification number Q11
Item number .S68
100 1# - MAIN ENTRY--PERSONAL NAME
Personal name Bransford, J. F.
Fuller form of name (John Francis),
Dates associated with a name 1846-1911.
245 10 - TITLE STATEMENT
Title Archæological researches in Nicaragua.
Statement of responsibility, etc. By J.F. Bransford ...
260 ## - PUBLICATION, DISTRIBUTION, ETC.
Place of publication, distribution, etc. Washington City,
Name of publisher, distributor, etc. Smithsonian Institution,
Date of publication, distribution, etc. 1881.
300 ## - PHYSICAL DESCRIPTION
Extent 2, iii-v, 96 p.
Other physical details illus. (incl. plan) 2 pl.
Dimensions 33 cm.
440 #0 - SERIES STATEMENT/ADDED ENTRY--TITLE
Title Smithsonian contributions to knowledge.
Volume/sequential designation [vol. xxv, art. 2]
490 0# - SERIES STATEMENT
Series statement Smithsonian Institution publication 383
651 #0 - SUBJECT ADDED ENTRY--GEOGRAPHIC NAME
Geographic name Nicaragua
General subdivision Antiquities.

No items available.

Powered by Koha